Normal view
MARC view
- Oakland, John S.
Entry Personal Name
001 - CONTROL NUMBER
- control field: 867
003 - CONTROL NUMBER IDENTIFIER
- control field: NUST
005 - DATE AND TIME OF LATEST TRANSACTION
- control field: 20170516122926.0
008 - FIXED-LENGTH DATA ELEMENTS
- fixed length control field: 170516|| aca||aabn | a|a d
040 ## - CATALOGING SOURCE
- Original cataloging agency: NUST
- Transcribing agency: NUST
100 ## - HEADING--PERSONAL NAME
- Personal name: Oakland, John S.
670 ## - SOURCE DATA FOUND
- Source citation: Work cat.: (NUST)0: Oakland, John S., Total quality in the construction supply chain /, 2006.
